Khả năng ứng phó với thiên tai của Việt Nam. Bài học kinh nghiệm từ Nhật Bản /
Tong quan ve tinh hinh thien tai cua Viet nam.
Spremljeno u:
| Glavni autor: | |
|---|---|
| Daljnji autori: | |
| Format: | Disertacija |
| Jezik: | Vietnamese |
| Izdano: |
ĐHĐN-Trương ĐH ngoai ngữ 2012.
|
| Teme: | |
| Oznake: |
Dodaj oznaku
Bez oznaka, Budi prvi tko označuje ovaj zapis!
|
| Thư viện lưu trữ: | Mạng thư viện Đại học Đà Nẵng |
|---|
| LEADER | 01616na a2200373 4500 | ||
|---|---|---|---|
| 001 | 000030789 | ||
| 003 | 4514 | ||
| 005 | 20230404143208.0 | ||
| 008 | 151001s2012 000 vie | ||
| 040 | |a LNN | ||
| 041 | |a vie | ||
| 082 | |a 959.73 |b HO-T | ||
| 100 | |a Hoàng Thị Thu Thảo | ||
| 245 | 0 | |a Khả năng ứng phó với thiên tai của Việt Nam. Bài học kinh nghiệm từ Nhật Bản / |c Hoàng Thị Thu Thảo. | |
| 246 | |a Luan văn tot nghiep | ||
| 260 | |c ĐHĐN-Trương ĐH ngoai ngữ |c 2012. | ||
| 300 | |a 30cm : |b 59 tr;. | ||
| 502 | |a Luan văn sinh vien | ||
| 505 | |a Chuyen nghanh Quoc te hoc | ||
| 520 | |a Tong quan ve tinh hinh thien tai cua Viet nam. |x Phong chong va giam nhe thien tai ơ VN |y Kha năng ưng pho vơi thien tai cua Nhat Ban mot so kinh nghiem cho VN. | ||
| 650 | |a Khả năng ứng phó với thiên tai của Việt Nam. |b Bài học kinh nghiệm từ Nhật Bản, nhật bản, xã hộ | ||
| 653 | |a Hoàng Thị Thu Thảo,2012,thien taicua VN,ung pho thien tai,kinh nghiem Nhat ban | ||
| 700 | |a TS.Ho Vu Khue Ngoc |b huong dan | ||
| 852 | |b Luan văn tot nghiep SV |c Khoa Quoc te hoc | ||
| OWN | |a LNN | ||
| AVA | |a UDN50 |b LNN |d 959.73 HO-T |e available |t Error 5001 Not defined in file expand_doc_bib_avail. |f 2 |g 0 |h N |i 0 | ||
| 999 | |a From the UDN01 | ||
| AVA | |a UDN50 |b LNN |d 959.73 HO-T |e available |t Error 5001 Not defined in file expand_doc_bib_avail. |f 2 |g 0 |h N |i 0 | ||
| TYP | |a Dissertation | ||
| TYP | |a Printed language | ||
| 980 | |a Mạng thư viện Đại học Đà Nẵng | ||